| 000 | 00855nam a22002897a 4500 | ||
|---|---|---|---|
| 001 | 0000579 | ||
| 003 | KOHA_MİRAKIL | ||
| 005 | 20260207001215.0 | ||
| 007 | ta | ||
| 008 | 081212b2001 tu |||gr||||#||||0|tur | | ||
| 020 |
_a9754869739 _cYTL13,69 |
||
| 040 |
_aTR-BiSEU _btur _cTR-BiSEU _erda |
||
| 041 | 0 | _atur | |
| 044 | _ctu | ||
| 050 |
_aTK7835 _b.Y34 2001 |
||
| 100 | 1 | _aYağımlı, Mustafa. | |
| 245 | 1 |
_aBilgisayar destekli elektroteknik 1-2/ _cMustafa Yağımlı ; Mustafa Yağımlı, Feyzi Akar. |
|
| 264 | 1 |
_aİstanbul : _bBeta _c2001 |
|
| 300 | _axi, 216 sayfa | ||
| 336 |
_ametin _btxt _2rdacontent |
||
| 337 |
_aaracısız _bn _2rdamedia |
||
| 338 |
_acilt _bnc _2rdacarrier |
||
| 500 | _a | ||
| 650 | 0 |
_aElektronik devreler--Tasarım. _92866 |
|
| 650 | 0 |
_aTransistör devreleri--Tasarım ve konstrüksiyon. _92867 |
|
| 942 |
_2lcc _cBK |
||
| 999 |
_c579 _d579 |
||